| 000 | cam a22 a 4500 | ||
|---|---|---|---|
| 999 |
_c2919 _d2919 |
||
| 003 | AKMAL | ||
| 005 | 20170518154345.0 | ||
| 008 | 170518t1981 us 00 eng d | ||
| 020 | _a0256025053 | ||
| 082 | _a658 ABD | ||
| 090 |
_a658 _b ABD |
||
| 100 | 1 |
_aAlbanese, Robert _96123 |
|
| 245 | 1 | 0 |
_aManaging : _bTowards accountability for performance / _cRobert Albanese |
| 250 | _a3rd ed. | ||
| 260 |
_aHomewood,Illinois : _bRichard D.Irwin Inc., _c1981 |
||
| 300 | 0 | 0 |
_axv, 723p. : _bill. ; _c24cm |
| 504 | _aIncludes bibliographical references and index | ||
| 942 |
_2ddc _cBOOK |
||